Couples / (Record no. 186665)
[ view plain ]
| 000 -LEADER | |
|---|---|
| fixed length control field | 00497 a2200169 4500 |
| 003 - CONTROL NUMBER IDENTIFIER | |
| control field | Nust |
| 005 - DATE AND TIME OF LATEST TRANSACTION | |
| control field | 20230123151337.0 |
| 040 ## - CATALOGING SOURCE | |
| Transcribing agency | Nust |
| 082 ## - DEWEY DECIMAL CLASSIFICATION NUMBER | |
| Classification number | 808.83,UPD |
| 100 ## - MAIN ENTRY--PERSONAL NAME | |
| Personal name | Upidke John |
| 9 (RLIN) | 107467 |
| 245 ## - TITLE STATEMENT | |
| Title | Couples / |
| Statement of responsibility, etc. | John Updike |
| 260 ## - PUBLICATION, DISTRIBUTION, ETC. | |
| Place of publication, distribution, etc. | New York |
| Name of publisher, distributor, etc. | Harper |
| 300 ## - PHYSICAL DESCRIPTION | |
| Extent | 455:p |
| 505 ## - FORMATTED CONTENTS NOTE | |
| Formatted contents note | Welcome to Tarbok (Page-3), Apple smith and Other Games (Page-105), Thin Ice (Page-185), Breakthrough (Page-274), Its Spring Again (Page-373). |
| 650 ## - SUBJECT ADDED ENTRY--TOPICAL TERM | |
| Topical term or geographic name entry element | Novels |
| 9 (RLIN) | 107468 |
| 942 ## - ADDED ENTRY ELEMENTS (KOHA) | |
| Source of classification or shelving scheme | |
| Koha item type | Book |
| Withdrawn status | Lost status | Source of classification or shelving scheme | Damaged status | Not for loan | Permanent Location | Current Location | Shelving location | Date acquired | Full call number | Barcode | Date last seen | Price effective from | Koha item type | Public note |
|---|---|---|---|---|---|---|---|---|---|---|---|---|---|---|
| Military College of Signals (MCS) | Military College of Signals (MCS) | General Stacks | 12/12/2016 | 808.83,UPD | MCS29471 | 12/08/2016 | 12/12/2016 | Book | Almirah No.57, Shelf No.2 |
